000 00445nmm a2200157Ia 4500
008 251105s9999||||xx |||||||||||||||||und||
020 _a9788467191264
041 _aspa
100 _aRoberts, Nora
245 0 _aNuevos horizontes
264 _a[Madrid, España] :
_bHarlequin,
_c[Fecha de publicación no identificada]
300 _a0 páginas
650 _aRomance
856 _uhttps://public.digitaliapublishing.com/a/96551
942 _cCF
999 _c83650
_d83650